|
|
|
|
| LEADER |
02035nam a2200409 a 4500 |
| 001 |
45723 |
| 003 |
BD-DhAAL |
| 005 |
20260506104334.0 |
| 008 |
260506t1997 enk b 001 0 eng |
| 010 |
|
|
|a 97025250
|
| 020 |
|
|
|a 1856495132
|
| 020 |
|
|
|a 1856495140
|
| 020 |
|
|
|a 9781856495134
|
| 020 |
|
|
|a 9781856495141
|
| 035 |
|
|
|a 4016726
|
| 040 |
|
|
|a DLC
|c DLC
|d DLC
|d BD-DhAAL
|
| 043 |
|
|
|a d------
|a ma-----
|
| 050 |
0 |
0 |
|a HQ1784
|b .S19 1997
|
| 082 |
0 |
0 |
|a 305.4209174927
|2 21
|
| 100 |
1 |
|
|a SadawIi, Nawāl.
|9 18131
|
| 245 |
1 |
4 |
|a The Nawal El Saadawi reader.
|c Nawal el Saadawi.
|
| 260 |
|
|
|a London ;
|a New York :
|b Zed Books,
|c c1997.
|
| 300 |
|
|
|a 292 pages ;
|c 23 cm.
|
| 504 |
|
|
|a Includes bibliographical references and index.
|
| 526 |
8 |
|
|a ENH
|x Sabiha Huq, PhD
Professor
Department of English and Humanities
BRAC University
Course Name and No. : Thesis (ENG 698)
|
| 541 |
1 |
|
|a Hye Trade International
|e 45723, 45724
|
| 650 |
|
0 |
|a Women
|z Arab countries
|x Social conditions.
|
| 650 |
|
0 |
|a Women in Islam.
|
| 650 |
|
0 |
|a Women
|x Political activity
|z Developing countries.
|
| 650 |
|
0 |
|a Women
|x Political activity
|z Arab countries.
|
| 650 |
|
0 |
|a Women
|x Political activity.
|
| 650 |
|
0 |
|a Women
|x Social conditions.
|
| 852 |
1 |
|
|a Ayesha Abed Library
|c General stacks
|
| 942 |
|
|
|2 ddc
|c BK
|
| 999 |
|
|
|c 47726
|d 47726
|
| 952 |
|
|
|0 0
|1 0
|2 ddc
|4 0
|6 305_420917492700000_SAD
|7 0
|9 79152
|a BRACUL
|b BRACUL
|c NEW
|d 2026-05-06
|e Hye Trade International
|g 2987.00
|l 1
|m 1
|o 305.4209174927 SAD
|p 3010045723
|r 2026-05-21
|s 2026-05-11
|t 1
|v 5974.00
|w 2026-05-06
|y BK
|x Requisitioned by Sabiha Huq (Professor, Department of English and Humanities, BRAC University) for the course named- Thesis ‘’(ENG 698)’’
|
| 952 |
|
|
|0 0
|1 0
|2 ddc
|4 0
|6 305_420917492700000_SAD
|7 0
|9 79153
|a BRACUL
|b BRACUL
|c GEN
|d 2026-05-06
|e Hye Trade International
|g 2987.00
|l 0
|o 305.4209174927 SAD
|p 3010045724
|r 2026-05-06
|t 2
|v 5974.00
|w 2026-05-06
|y BK
|x Requisitioned by Sabiha Huq (Professor, Department of English and Humanities, BRAC University) for the course named- Thesis ‘’(ENG 698)’’
|